| 000 | 00423nam a2200121 a 4500 | ||
|---|---|---|---|
| 008 | 120416s9999 xx |||||||||||||| || u | ||
| 050 | _aS 593 Cla | ||
| 100 | _aClarke, George Robin | ||
| 245 | 1 | 4 | _aThe study of soil in the field |
| 250 | _a5th ed. | ||
| 350 | _a0.00 | ||
| 995 |
_D0.00 _FCBU-MAIN LIBRARY (Kitwe) _H1 _I2.50 _M1 _UAVAILABLE _ZMain Library Open Access Collection |
||
| 999 |
_c58875 _d58875 |
||